000 00486nam 22001813 4500
001 200303
010 _a0-19-280032-9
090 _a200303
100 _a20260202d u||y0pory50 ba
200 _aDictionary of biology
205 _a
210 _aOxford New York
_cOxford University Press
_d[19??]
215 _a[6], 553 p.
_cbrochado
_d20 cm
606 _994
_aBiologia. Ciências biológicas no geral
675 _a57
_vUS
_zeng
801 _aPT
_bBMMN
_gRPC
830 _cVanda
990 _cLIVROS